MARC details
| 000 -LEADER |
| fixed length control field |
02033nac a22002771u 4500 |
| 010 ## - LIBRARY OF CONGRESS CONTROL NUMBER |
| LC control number |
2007296580 |
| 020 ## - INTERNATIONAL STANDARD BOOK NUMBER |
| International Standard Book Number |
0387355375 |
| 020 ## - INTERNATIONAL STANDARD BOOK NUMBER |
| International Standard Book Number |
9780387355375 |
| 035 ## - SYSTEM CONTROL NUMBER |
| System control number |
(OCoLC)ocn122163107 |
| 035 ## - SYSTEM CONTROL NUMBER |
| System control number |
(OCoLC)122163107 |
| 082 00 - DEWEY DECIMAL CLASSIFICATION NUMBER |
| Classification number |
621.312429 |
| Item number |
BAS |
| 090 ## - LOCALLY ASSIGNED LC-TYPE CALL NUMBER (OCLC); LOCAL CALL NUMBER (OCLC) |
| -- |
7948 |
| -- |
7948 |
| 100 ## - MAIN ENTRY--PERSONAL NAME |
| Personal name |
Basu, Suddhasatwa [ed. |
| 245 00 - TITLE STATEMENT |
| Title |
Recent trends in fuel cell science and technology / |
| Statement of responsibility, etc |
edited by Suddhasatwa Basu. |
| 246 10 - VARYING FORM OF TITLE |
| Title proper/short title |
Fuel cell science and technology |
| 260 ## - PUBLICATION, DISTRIBUTION, ETC. (IMPRINT) |
| Place of publication, distribution, etc |
New York : |
| Name of publisher, distributor, etc |
Springer ; |
| Place of publication, distribution, etc |
New Delhi : |
| Name of publisher, distributor, etc |
Anamaya,c2007. |
| Date of publication, distribution, etc |
c2007. |
| 300 ## - PHYSICAL DESCRIPTION |
| Extent |
viii, 375 p. : |
| Other physical details |
ill. ; |
| Dimensions |
25 cm. |
| 500 ## - GENERAL NOTE |
| General note |
Distributer: Al-Ahram. |
| 504 ## - BIBLIOGRAPHY, ETC. NOTE |
| Bibliography, etc |
Includes bibliographical references and index. |
| 505 00 - FORMATTED CONTENTS NOTE |
| Title |
Introduction to fuel cells / |
| Statement of responsibility |
R.K. Shah -- |
| Title |
Electro-analytical techniques in fuel cell research and development / |
| Statement of responsibility |
Manikandan Ramani -- |
| Title |
Polymer electrolyte membrane fuel cell / |
| Statement of responsibility |
K.S. Dhathathreyan and |
| -- |
N. Rajalakshmi -- |
| Title |
Fundamentals of gas diffusion layers in PEM fuel cells / |
| Statement of responsibility |
Virendra K. Mathur and |
| -- |
Jim Crawford -- |
| Title |
Water problem in PEMFC / |
| Statement of responsibility |
Kohei Ito -- |
| Title |
Micro fuel cells / |
| Statement of responsibility |
S. Venugopalan -- |
| Title |
Direct alcohol and borohydride alkaline fuel cells / |
| Statement of responsibility |
Anil Verma and |
| -- |
Suddhasatwa Basu -- |
| Title |
Phosphoric acid fuel cell technology / |
| Statement of responsibility |
Suman Roy Choudhury -- |
| Title |
Carbonate fuel cell: principles and applications / |
| Statement of responsibility |
Hossein Ghezel-Ayagh, |
| -- |
Mohammad Farooque and |
| -- |
Hansraj C. Maru -- |
| Title |
Direct conversion of coal derived carbon in fuel cells / |
| Statement of responsibility |
John F. Cooper -- |
| Title |
Solid oxide fuel cells: principles, designs and state-of-the-art in industries / |
| Statement of responsibility |
Roberto Bove -- |
| Title |
Materials for solid oxide fuel cells / |
| Statement of responsibility |
Rajendra N. Basu -- |
| Title |
Fuel cell power-conditioning systems |
| Statement of responsibility |
Sudip K. Mazumder -- |
| Title |
Future directions of fuel cell science and technology / |
| Statement of responsibility |
Suddhasatwa Basu. |
| 511 ## - PARTICIPANT OR PERFORMER NOTE |
| Participant or performer note |
Catalogued By: Mahitab. |
| 650 #0 - SUBJECT ADDED ENTRY--TOPICAL TERM |
| Topical term or geographic name as entry element |
Fuel cells |
| General subdivision |
Research. |
| 700 1# - ADDED ENTRY--PERSONAL NAME |
| Personal name |
Basu, Suddhasatwa. |
| 942 ## - ADDED ENTRY ELEMENTS (KOHA) |
| Item type |
Book - Borrowing |
| Call number prefix |
621.312429BAS |